[Event "Wch Juvenil 2010 sub12 Femenino"]
[Site "Porto Carras GRE"]
[Date "2010.10.20"]
[Round "1.1"]
[White "Sidorova, Anna"]
[Black "Liao, Simone"]
[Result "0-1"]
[WhiteElo "2124"]
[BlackElo "1673"]
[PlyCount "54"]
[EventDate "2010.10.20"]
[EventType "swiss"]
[EventRounds "11"]
[EventCountry "GRE"]
[Source "lmi"]
[SourceDate "2010.10.20"]

1. d4 Nf6 2. Nf3 g6 3. g3 Bg7 4. Bg2 O-O 5. O-O d5 6. Be3 c6 7. Qc1 Qb6 8. Rd1
Nbd7 9. c4 Ne4 10. Nfd2 Nxd2 11. Rxd2 Nf6 12. h3 Be6 13. Nc3 Qd8 14. Na4 b6 15.
cxd5 cxd5 16. Rc2 Qd7 17. b3 Bxh3 18. Bh6 Bxg2 19. Bxg7 Qh3 20. Qh6 Nh5 21. f3
Nxg7 22. Qxh3 Bxh3 23. g4 h5 24. Kh2 hxg4 25. e3 f5 26. Rac1 f4 27. Rg1 fxe3
0-1

[Event "Wch Juvenil 2010 sub12 Femenino"]
[Site "Porto Carras GRE"]
[Date "2010.10.20"]
[Round "1.2"]
[White "Al, Dhaheri Shaikha"]
[Black "Goryachkina, Aleksandra"]
[Result "0-1"]
[WhiteElo "1664"]
[BlackElo "2057"]
[PlyCount "64"]
[EventDate "2010.10.20"]
[EventType "swiss"]
[EventRounds "11"]
[EventCountry "GRE"]
[Source "lmi"]
[SourceDate "2010.10.20"]

1. d4 f5 2. c4 Nf6 3. Nf3 g6 4. g3 Bg7 5. Bg2 O-O 6. Nc3 d6 7. O-O Nc6 8. Rb1
e5 9. d5 Ne7 10. b3 h6 11. Bb2 g5 12. e3 Bd7 13. Qe2 Qe8 14. Rfd1 Qf7 15. a3
Rae8 16. Ne1 f4 17. exf4 gxf4 18. Qd2 fxg3 19. hxg3 Qh5 20. Nd3 Ng4 21. Ne4
Qh2+ 22. Kf1 Nf5 23. Qe2 Nfe3+ 24. Ke1 Nxd1 25. Rxd1 Qxg2 26. Kd2 Bf5 27. Nc3
Bxd3 28. Qxg4 Qxf2+ 29. Ne2 Bxe2 30. Qxe2 Qxe2+ 31. Kxe2 e4 32. g4 e3 0-1

[Event "Wch Juvenil 2010 sub12 Femenino"]
[Site "Porto Carras GRE"]
[Date "2010.10.20"]
[Round "1.3"]
[White "Haussernot, Cecile"]
[Black "Keskin, Suara"]
[Result "1-0"]
[WhiteElo "2028"]
[BlackElo "1651"]
[PlyCount "95"]
[EventDate "2010.10.20"]
[EventType "swiss"]
[EventRounds "11"]
[EventCountry "GRE"]
[Source "lmi"]
[SourceDate "2010.10.20"]

1. e4 d6 2. d4 Nf6 3. Nc3 g6 4. f4 Bg7 5. Nf3 c5 6. Bb5+ Bd7 7. e5 Ng4 8. Bxd7+
Nxd7 9. h3 Nh6 10. g4 cxd4 11. Qxd4 O-O 12. Be3 dxe5 13. fxe5 Nb8 14. O-O-O
Qxd4 15. Nxd4 Na6 16. g5 Nf5 17. Nxf5 gxf5 18. Nd5 Rfe8 19. Bf4 Rac8 20. Rhg1
Kh8 21. h4 Rc4 22. Rgf1 Kg8 23. Rd2 Nb4 24. Ne3 Re4 25. Nxf5 Nxa2+ 26. Kb1 Nb4
27. Nh6+ Bxh6 28. gxh6 Nc6 29. Rg2+ Kh8 30. Rg7 Rf8 31. Bg5 Rxe5 32. Rfxf7 Rxf7
33. Rxf7 Kg8 34. Rg7+ Kh8 35. Bd2 Rf5 36. Bc3 e5 37. Rxb7 Kg8 38. Rg7+ Kh8 39.
Rc7 Nd8 40. Rc8 Rf8 41. Bxe5+ Kg8 42. Bd6 Ne6 43. Bxf8 Nxf8 44. Rc7 a5 45. c4
Ne6 46. Re7 Nc5 47. Rg7+ Kh8 48. Rc7 1-0

[Event "Wch Juvenil 2010 sub12 Femenino"]
[Site "Porto Carras GRE"]
[Date "2010.10.20"]
[Round "1.5"]
[White "Katanova, Marina"]
[Black "Imanly, Magrura Mahammad Qi"]
[Result "0-1"]
[WhiteElo "1970"]
[BlackElo "1636"]
[PlyCount "98"]
[EventDate "2010.10.20"]
[EventType "swiss"]
[EventRounds "11"]
[EventCountry "GRE"]
[Source "lmi"]
[SourceDate "2010.10.20"]

1. e4 c5 2. Nf3 Nc6 3. d4 cxd4 4. Nxd4 Nf6 5. Nc3 e5 6. Ndb5 d6 7. Bg5 a6 8.
Na3 b5 9. Nd5 Be7 10. Bxf6 Bxf6 11. c4 b4 12. Nc2 a5 13. Qf3 Bg5 14. h4 Bxh4
15. Rxh4 Qxh4 16. Nc7+ Ke7 17. Nxa8 Bg4 18. Qd3 Rxa8 19. Qd5 Rc8 20. c5 dxc5
21. Qxc5+ Ke8 22. Bb5 Qh1+ 23. Kd2 Rd8+ 24. Bd3 Qh6+ 25. Ne3 Bc8 26. Rc1 Ba6
27. Qxc6+ Qxc6 28. Rxc6 Bxd3 29. Rc5 Bxe4+ 30. Ke1 f6 31. Rxa5 Kf7 32. Rb5 Rd4
33. f3 Bb1 34. Nd5 Bxa2 35. Nxb4 Bc4 36. Rb7+ Kg6 37. Nc6 Rh4 38. b4 Rh1+ 39.
Kf2 Rb1 40. Na7 Rb2+ 41. Kg1 Bd3 42. b5 e4 43. b6 Ba6 44. Rb8 e3 45. Nc6 Rb1+
46. Kh2 e2 47. Re8 e1=Q 48. Rxe1 Rxe1 49. Na5 Rb1 0-1

[Event "Wch Juvenil 2010 sub12 Femenino"]
[Site "Porto Carras GRE"]
[Date "2010.10.20"]
[Round "1.6"]
[White "Chung, Mathilde"]
[Black "Kisteneva, Liza"]
[Result "1-0"]
[WhiteElo "1625"]
[BlackElo "1953"]
[PlyCount "95"]
[EventDate "2010.10.20"]
[EventType "swiss"]
[EventRounds "11"]
[EventCountry "GRE"]
[Source "lmi"]
[SourceDate "2010.10.20"]

1. d4 d5 2. Nf3 Nf6 3. c4 e6 4. Nc3 Nbd7 5. Bf4 c6 6. h3 Be7 7. e3 O-O 8. Bd3
dxc4 9. Bxc4 b5 10. Bd3 b4 11. Ne4 Nd5 12. Bh2 c5 13. O-O Qb6 14. Rc1 Bb7 15.
dxc5 Nxc5 16. Nxc5 Bxc5 17. Bxh7+ Kh8 18. Bb1 Nf6 19. Rxc5 Qxc5 20. Bd6 Bxf3
21. Bxc5 Bxd1 22. Bxf8 Be2 23. Re1 Rxf8 24. Rxe2 Rd8 25. Bc2 Kg8 26. Kf1 Kf8
27. Ke1 Ke7 28. Rd2 Nd5 29. Bb3 Nb6 30. Rxd8 Kxd8 31. Kd2 Kd7 32. Kd3 Kd6 33.
Kd4 a5 34. e4 a4 35. e5+ Kc6 36. Bc4 Nd7 37. f4 Nb6 38. g4 a3 39. b3 Na8 40. f5
Nc7 41. h4 Kb6 42. f6 Ne8 43. g5 g6 44. Bd3 Nc7 45. Bc4 Kc6 46. h5 gxh5 47. g6
fxg6 48. f7 1-0

[Event "Wch Juvenil 2010 sub12 Femenino"]
[Site "Porto Carras GRE"]
[Date "2010.10.20"]
[Round "1.7"]
[White "Dordzhieva, Dinara"]
[Black "Kafetzi, Angeliki"]
[Result "1-0"]
[WhiteElo "1950"]
[BlackElo "1624"]
[PlyCount "111"]
[EventDate "2010.10.20"]
[EventType "swiss"]
[EventRounds "11"]
[EventCountry "GRE"]
[Source "lmi"]
[SourceDate "2010.10.20"]

1. e4 c5 2. Nf3 d6 3. d4 cxd4 4. Nxd4 Nf6 5. Nc3 a6 6. a4 e5 7. Nb3 Be6 8. Be2
Nc6 9. O-O Be7 10. Be3 d5 11. exd5 Nxd5 12. Nxd5 Bxd5 13. Nc5 Na7 14. Bf3 Bxf3
15. Qxf3 Bxc5 16. Bxc5 Nc6 17. Qe4 Qc7 18. Rad1 Rd8 19. f4 f6 20. Qe3 Qb8 21.
Bb6 Rxd1 22. Rxd1 O-O 23. f5 Qc8 24. g4 Kh8 25. c3 g6 26. Qh6 Ne7 27. b4 Ng8
28. Qh3 gxf5 29. gxf5 Ne7 30. Kf2 Qxf5+ 31. Qxf5 Nxf5 32. Rd7 Rc8 33. Rxb7 Rxc3
34. Ra7 e4 35. Rxa6 e3+ 36. Ke2 Rc2+ 37. Kd3 Rd2+ 38. Kc3 Rxh2 39. Ra8+ Kg7 40.
a5 Ra2 41. a6 e2 42. Bf2 Ra1 43. a7 Nd6 44. Kb2 Ra6 45. Rd8 Nc4+ 46. Kb3 Nb6
47. Re8 Rxa7 48. Bxb6 Rf7 49. Rxe2 f5 50. Kc4 f4 51. b5 h5 52. Bf2 f3 53. Ra2
h4 54. b6 h3 55. Bg3 h2 56. Rxh2 1-0

[Event "Wch Juvenil 2010 sub12 Femenino"]
[Site "Porto Carras GRE"]
[Date "2010.10.20"]
[Round "1.8"]
[White "Iliopoulou, Elisavet"]
[Black "Sagadijeva, Anna"]
[Result "0-1"]
[WhiteElo "1623"]
[BlackElo "1949"]
[PlyCount "70"]
[EventDate "2010.10.20"]
[EventType "swiss"]
[EventRounds "11"]
[EventCountry "GRE"]
[Source "lmi"]
[SourceDate "2010.10.20"]

1. d4 d5 2. c4 c6 3. e3 Nf6 4. Nc3 Bf5 5. cxd5 cxd5 6. Bd3 Bg6 7. Bxg6 hxg6 8.
Nf3 Nc6 9. Qb3 Rb8 10. Bd2 e6 11. Rc1 a6 12. O-O Bd6 13. h3 Na5 14. Qc2 Nc4 15.
Rfe1 b5 16. e4 b4 17. Nxd5 Nxd2 18. Nxf6+ Qxf6 19. Qxd2 Bf4 20. Qd3 Bxc1 21.
Rxc1 O-O 22. Qxa6 Ra8 23. Qd3 Rxa2 24. Qb3 Qf4 25. Re1 Rfa8 26. Qxb4 Ra1 27. e5
Rc1 28. Rxc1 Qxc1+ 29. Ne1 Ra1 30. Kf1 Qd1 31. Qc3 Qa4 32. Ke2 Qd1+ 33. Kf1 Rc1
34. Qb4 Qd3+ 35. Kg1 Qe2 0-1

[Event "Wch Juvenil 2010 sub12 Femenino"]
[Site "Porto Carras GRE"]
[Date "2010.10.20"]
[Round "1.9"]
[White "Hua, Margaret"]
[Black "Dmochowska, Agnieszka"]
[Result "1-0"]
[WhiteElo "1943"]
[BlackElo "1616"]
[PlyCount "71"]
[EventDate "2010.10.20"]
[EventType "swiss"]
[EventRounds "11"]
[EventCountry "GRE"]
[Source "lmi"]
[SourceDate "2010.10.20"]

1. e4 c5 2. Nf3 Nc6 3. d4 cxd4 4. Nxd4 Nf6 5. Nc3 d6 6. f3 e5 7. Ndb5 a6 8. Na3
b5 9. Nd5 Nxd5 10. exd5 Ne7 11. c4 Nf5 12. g3 b4 13. Qa4+ Bd7 14. Qxb4 Rb8 15.
Qc3 Be7 16. Nc2 Bf6 17. Qd3 O-O 18. Qe4 Re8 19. Bd3 g6 20. O-O Nd4 21. Nxd4
exd4 22. Qf4 Bh3 23. Rd1 g5 24. Qd2 Re3 25. Be4 Bg7 26. Qf2 f5 27. Bd3 Re8 28.
b3 Qe7 29. Bd2 h6 30. Re1 Qf7 31. Rxe8+ Rxe8 32. Re1 Be5 33. Re2 Qg7 34. Kh1
Re7 35. Qe1 Kf8 36. Bb4 1-0

[Event "Wch Juvenil 2010 sub12 Femenino"]
[Site "Porto Carras GRE"]
[Date "2010.10.20"]
[Round "1.10"]
[White "Valyi, Blanka Borbala"]
[Black "Ivana, Maria Furtado"]
[Result "0-1"]
[WhiteElo "1614"]
[BlackElo "1924"]
[PlyCount "98"]
[EventDate "2010.10.20"]
[EventType "swiss"]
[EventRounds "11"]
[EventCountry "GRE"]
[Source "lmi"]
[SourceDate "2010.10.20"]

1. d4 Nf6 2. Nf3 e6 3. c4 d5 4. g3 Bb4+ 5. Bd2 Be7 6. Bg2 O-O 7. O-O b6 8. Qc2
Bb7 9. Bf4 Nc6 10. a3 Rc8 11. Nbd2 Nh5 12. Be3 f5 13. Nb3 g5 14. Rfd1 f4 15.
Bd2 g4 16. Ne1 Bg5 17. a4 fxg3 18. hxg3 Qf6 19. Nd3 Bxd2 20. Rxd2 Nb4 21. Qd1
Nxd3 22. exd3 Qf5 23. Qe2 Ng7 24. a5 a6 25. Rc1 Qh5 26. c5 bxa5 27. Nxa5 Ba8
28. c6 Rb8 29. Rc3 Rb4 30. Nb3 Rb6 31. Na5 Rfb8 32. Rdc2 Qf5 33. Nb7 Bxb7 34.
cxb7 Ne8 35. Rc6 R8xb7 36. R6c5 Kf7 37. Rc6 a5 38. R6c5 a4 39. Ra5 Rb4 40. Be4
Qh5 41. Bg2 Rxd4 42. Ra6 Qf5 43. Qe3 Rxd3 44. Qe1 Rd4 45. Re2 Nd6 46. Re5 Qf6
47. Qe3 Rd1+ 48. Kh2 Rxb2 49. Rxa4 Rxf2 0-1

[Event "Wch Juvenil 2010 sub12 Femenino"]
[Site "Porto Carras GRE"]
[Date "2010.10.20"]
[Round "1.11"]
[White "Schnegg, Anna-Lena"]
[Black "Fuskova, Martina"]
[Result "1-0"]
[WhiteElo "1921"]
[BlackElo "1583"]
[PlyCount "37"]
[EventDate "2010.10.20"]
[EventType "swiss"]
[EventRounds "11"]
[EventCountry "GRE"]
[Source "lmi"]
[SourceDate "2010.10.20"]

1. e4 c5 2. Nf3 e6 3. d4 cxd4 4. Nxd4 a6 5. c4 g6 6. Nc3 Bg7 7. Be3 d6 8. Be2
Ne7 9. O-O b6 10. Qd2 Bb7 11. Rfd1 Qd7 12. Rac1 O-O 13. Nb3 Bxc3 14. Qxc3 Bxe4
15. Bh6 Nf5 16. Bxf8 Kxf8 17. c5 bxc5 18. Nxc5 Qc6 19. Nxe4 1-0

[Event "Wch Juvenil 2010 sub12 Femenino"]
[Site "Porto Carras GRE"]
[Date "2010.10.20"]
[Round "1.12"]
[White "Ghaemmaghami, Pegah"]
[Black "Valieva, Rufina"]
[Result "0-1"]
[WhiteElo "1562"]
[BlackElo "1903"]
[PlyCount "78"]
[EventDate "2010.10.20"]
[EventType "swiss"]
[EventRounds "11"]
[EventCountry "GRE"]
[Source "lmi"]
[SourceDate "2010.10.20"]

1. e4 c5 2. Nc3 d6 3. f4 g6 4. Nf3 Bg7 5. Bc4 e6 6. O-O Ne7 7. d3 Nbc6 8. a3
O-O 9. Ba2 Rb8 10. Qe1 b5 11. Qh4 b4 12. axb4 cxb4 13. Ne2 Na5 14. f5 exf5 15.
Bh6 b3 16. Bxb3 Nxb3 17. cxb3 Rxb3 18. Nf4 f6 19. Bxg7 Qb6+ 20. Kh1 Kxg7 21.
Nd2 Rb4 22. Nc4 Qd4 23. Rae1 Rf7 24. Qg3 Rb3 25. Ne2 Qxd3 26. Qxd3 Rxd3 27. Nf4
Rd4 28. Ne3 fxe4 29. Nc2 Rd2 30. Rc1 g5 31. Nh5+ Kg6 32. Ng3 Bb7 33. Rfd1 Rxd1+
34. Rxd1 d5 35. Nd4 Nc6 36. Ndf5 Rd7 37. Rd2 h5 38. h4 gxh4 39. Nxh4+ Kg5 0-1

[Event "Wch Juvenil 2010 sub12 Femenino"]
[Site "Porto Carras GRE"]
[Date "2010.10.20"]
[Round "1.13"]
[White "Gal, Hanna Krisztina"]
[Black "Divya, Garg"]
[Result "0-1"]
[WhiteElo "1902"]
[BlackElo "1559"]
[PlyCount "63"]
[EventDate "2010.10.20"]
[EventType "swiss"]
[EventRounds "11"]
[EventCountry "GRE"]
[Source "lmi"]
[SourceDate "2010.10.20"]

1. e4 g6 2. d4 Bg7 3. Nc3 d6 4. Be3 a6 5. Qd2 b5 6. a3 Nd7 7. Nge2 c5 8. Rd1
Bb7 9. f3 b4 10. axb4 cxb4 11. Na2 a5 12. Ng3 Ba6 13. Bxa6 Rxa6 14. O-O Ngf6
15. c4 Qc7 16. b3 O-O 17. Bh6 e5 18. Bxg7 Kxg7 19. Ne2 Qb6 20. Kh1 Rb8 21. g4
a4 22. g5 Ne8 23. dxe5 axb3 24. Nac1 Nxe5 25. Qb2 Kg8 26. Rd4 Rc8 27. Qxb3 Ra3
28. Qb2 Nxc4 29. Qc2 b3 30. Rxc4 bxc2 31. Rxc8 Qb5 32. Nd4 0-1

[Event "Wch Juvenil 2010 sub12 Femenino"]
[Site "Porto Carras GRE"]
[Date "2010.10.20"]
[Round "1.14"]
[White "Javakhishvili, Mariam"]
[Black "Sunyasakta, Satpathy"]
[Result "0-1"]
[WhiteElo "1550"]
[BlackElo "1899"]
[PlyCount "94"]
[EventDate "2010.10.20"]
[EventType "swiss"]
[EventRounds "11"]
[EventCountry "GRE"]
[Source "lmi"]
[SourceDate "2010.10.20"]

1. e4 e5 2. Nf3 Nc6 3. Bc4 Nf6 4. d4 exd4 5. O-O Nxe4 6. Re1 d5 7. Nc3 dxc4 8.
Rxe4+ Be6 9. Nxd4 Nxd4 10. Rxd4 Bd6 11. Bf4 O-O 12. Bxd6 cxd6 13. Rxd6 Qe7 14.
Nd5 Qg5 15. f4 Qh4 16. Qf3 Rad8 17. g3 Bxd5 18. Qxd5 Rxd6 19. Qxd6 Qh5 20. Re1
Qa5 21. Rd1 Qxa2 22. Qa3 Qxa3 23. bxa3 a6 24. Rd7 b5 25. Ra7 Rd8 26. Rxa6 Kf8
27. Rb6 Rd5 28. a4 bxa4 29. Ra6 Rd1+ 30. Kg2 Ra1 31. Rc6 Rc1 32. Rxc4 a3 33.
Kh3 a2 34. Ra4 a1=Q 35. Rxa1 Rxa1 36. c4 Rc1 37. Kg4 Rxc4 38. h4 Rc3 39. h5 Ke7
40. Kh4 Rc4 41. Kg4 Kf6 42. Kf3 Rc3+ 43. Kg4 h6 44. Kh3 Kf5 45. Kh4 Rc1 46. Kh3
Rc2 47. Kh4 Rh2# 0-1

[Event "Wch Juvenil 2010 sub12 Femenino"]
[Site "Porto Carras GRE"]
[Date "2010.10.21"]
[Round "2.1"]
[White "Goryachkina, Aleksandra"]
[Black "Gazikova, Veronika"]
[Result "1-0"]
[WhiteElo "2057"]
[BlackElo "1784"]
[PlyCount "71"]
[EventDate "2010.10.20"]
[EventType "swiss"]
[EventRounds "11"]
[EventCountry "GRE"]
[Source "lmi"]
[SourceDate "2010.10.20"]

1. d4 Nf6 2. c4 g6 3. Nc3 Bg7 4. Nf3 O-O 5. Bf4 d6 6. e3 Nbd7 7. Be2 c5 8. d5
b5 9. cxb5 a6 10. bxa6 Bxa6 11. Bxa6 Rxa6 12. Qe2 Rb6 13. e4 Qb8 14. Bc1 Rc8
15. O-O Ne8 16. Nd2 Rxb2 17. Bxb2 Qxb2 18. Nb5 Bh6 19. f4 Nef6 20. g3 Bg7 21.
Rfb1 Qc2 22. Rc1 Qa4 23. Nc3 Qd4+ 24. Kh1 Qb4 25. Rab1 Qa5 26. Nc4 Qa7 27. a4
Ne8 28. a5 Nb8 29. Nb5 Qa6 30. Rb3 Nd7 31. Rcb1 Ra8 32. Qc2 h6 33. Nba3 Ra7 34.
Qd2 h5 35. Nb6 Bd4 36. Nb5 1-0

[Event "Wch Juvenil 2010 sub12 Femenino"]
[Site "Porto Carras GRE"]
[Date "2010.10.21"]
[Round "2.2"]
[White "Bulmaga, Elena"]
[Black "Haussernot, Cecile"]
[Result "1-0"]
[WhiteElo "1784"]
[BlackElo "2028"]
[PlyCount "93"]
[EventDate "2010.10.20"]
[EventType "swiss"]
[EventRounds "11"]
[EventCountry "GRE"]
[Source "lmi"]
[SourceDate "2010.10.20"]

1. d4 Nf6 2. c4 e6 3. Nc3 Bb4 4. e3 O-O 5. Nge2 b6 6. a3 Bxc3+ 7. Nxc3 Bb7 8.
d5 exd5 9. cxd5 d6 10. g3 Nbd7 11. Bg2 Ba6 12. b4 Bc4 13. Ne2 b5 14. O-O Nb6
15. e4 Re8 16. Bg5 Nbxd5 17. Re1 Bxe2 18. Qxe2 Nb6 19. Bxf6 Qxf6 20. Qxb5 Qe6
21. Rac1 Rac8 22. f4 Red8 23. Qa6 c5 24. b5 Rc7 25. a4 c4 26. a5 Nd7 27. b6
axb6 28. axb6 Rcc8 29. b7 Rb8 30. Rb1 Nc5 31. Qc6 c3 32. Rec1 Qa2 33. Qc7 Qa7
34. Kh1 Nd3 35. Rf1 Nc5 36. e5 c2 37. Ra1 Na6 38. Qxc2 Qc5 39. Qa4 Nb4 40. Rfc1
Qb6 41. Rab1 Rxb7 42. Rc4 Rdb8 43. exd6 h5 44. d7 Qe3 45. Bxb7 Nd3 46. Rc8+ Kh7
47. Qe4+ 1-0

[Event "Wch Juvenil 2010 sub12 Femenino"]
[Site "Porto Carras GRE"]
[Date "2010.10.21"]
[Round "2.3"]
[White "Osmak, Iulija"]
[Black "Ghukasyan, Siranush"]
[Result "1-0"]
[WhiteElo "1979"]
[BlackElo "1779"]
[PlyCount "81"]
[EventDate "2010.10.20"]
[EventType "swiss"]
[EventRounds "11"]
[EventCountry "GRE"]
[Source "lmi"]
[SourceDate "2010.10.20"]

1. Nc3 Nf6 2. d4 d5 3. Bf4 c6 4. e3 Bf5 5. f3 h5 6. Bd3 Qd7 7. Nge2 g6 8. h3
Bg7 9. e4 dxe4 10. fxe4 Be6 11. Bxb8 Rxb8 12. d5 Nxd5 13. exd5 Bxd5 14. O-O O-O
15. Qe1 Qc7 16. Nf4 Qb6+ 17. Kh1 Qxb2 18. Ncxd5 cxd5 19. Qxe7 Rfe8 20. Qg5 Qe5
21. Qxe5 Bxe5 22. Rab1 Bxf4 23. Rxf4 a6 24. Rf6 Rec8 25. Rd6 Rc5 26. Rxa6 bxa6
27. Rxb8+ Kg7 28. Rb6 Rc8 29. Rxa6 Rb8 30. a4 Rb1+ 31. Kh2 Ra1 32. a5 Ra2 33.
Ra8 Kf6 34. a6 Ke7 35. Rb8 Kd6 36. Kg3 Ra4 37. Rb7 f5 38. Rb6+ Kc7 39. Rxg6 h4+
40. Kf3 Ra3 41. Rf6 1-0

[Event "Wch Juvenil 2010 sub12 Femenino"]
[Site "Porto Carras GRE"]
[Date "2010.10.21"]
[Round "2.4"]
[White "Vasova, Maria"]
[Black "Dordzhieva, Dinara"]
[Result "1/2-1/2"]
[WhiteElo "1776"]
[BlackElo "1950"]
[PlyCount "93"]
[EventDate "2010.10.20"]
[EventType "swiss"]
[EventRounds "11"]
[EventCountry "GRE"]
[Source "lmi"]
[SourceDate "2010.10.20"]

1. e4 d6 2. d4 g6 3. Nf3 Bg7 4. Nc3 Nd7 5. Be2 e5 6. Be3 c6 7. O-O Ngf6 8. h3
b5 9. dxe5 Nxe5 10. Nxe5 dxe5 11. Qxd8+ Kxd8 12. Rad1+ Kc7 13. f4 Be6 14. f5
gxf5 15. exf5 Bd7 16. g4 b4 17. Na4 Nd5 18. Bc1 Rad8 19. c4 Nb6 20. Nc5 Bc8 21.
Be3 a5 22. b3 Rhe8 23. Ne4 f6 24. Bf3 Ba6 25. Nc5 Bc8 26. Ne4 Rxd1 27. Rxd1 Nd7
28. Kg2 Bf8 29. Bf2 Be7 30. Be3 Bb7 31. c5 Ra8 32. Rc1 Ba6 33. Bd2 Bb5 34. Kf2
Rd8 35. a4 Ba6 36. Be3 Nb8 37. Be2 Bd3 38. Nd2 Na6 39. Kf1 Kb7 40. Bxd3 Rxd3
41. Ke2 Rd5 42. Ne4 Nc7 43. Rd1 Kc8 44. Rd2 Kd7 45. Rd1 Ne8 46. Rd2 Nc7 47. Rd1
1/2-1/2

[Event "Wch Juvenil 2010 sub12 Femenino"]
[Site "Porto Carras GRE"]
[Date "2010.10.21"]
[Round "2.5"]
[White "Sagadijeva, Anna"]
[Black "Wang, Xingliang Anna"]
[Result "1-0"]
[WhiteElo "1949"]
[BlackElo "1763"]
[PlyCount "133"]
[EventDate "2010.10.20"]
[EventType "swiss"]
[EventRounds "11"]
[EventCountry "GRE"]
[Source "lmi"]
[SourceDate "2010.10.20"]

1. e4 c5 2. Nf3 d6 3. d4 cxd4 4. Nxd4 Nf6 5. Nc3 g6 6. Bc4 Bg7 7. Bb3 Nc6 8.
O-O O-O 9. Nde2 Bd7 10. Kh1 Na5 11. Be3 Re8 12. f4 Bc6 13. Ng3 Qd7 14. e5 Qg4
15. exf6 Qxd1 16. Raxd1 Bxf6 17. Nge4 Bxe4 18. Nxe4 Bxb2 19. f5 Nxb3 20. cxb3
Bg7 21. fxg6 hxg6 22. Ng5 Bf6 23. Ne4 Bg7 24. Rf2 a6 25. Rdf1 f5 26. Ng5 e5 27.
Rd1 Rad8 28. Bb6 Rc8 29. Rfd2 Bf8 30. Ba5 Rc6 31. Bb4 Rec8 32. h4 e4 33. Re2 b6
34. Ne6 Be7 35. g3 a5 36. Ba3 b5 37. Nd4 Rb6 38. Rc1 Rxc1+ 39. Bxc1 b4 40. Rc2
d5 41. Be3 Rd6 42. Kg1 Kf7 43. Kf2 Bd8 44. Nb5 Rd7 45. Rc6 Kg7 46. Bd4+ Kf7 47.
Ke3 Be7 48. Rc7 Rxc7 49. Nxc7 Bd6 50. Nxd5 Bxg3 51. Bb6 Bxh4 52. Bxa5 Ke6 53.
Nf4+ Kf7 54. Bxb4 g5 55. Nh3 Ke6 56. a4 Kd5 57. a5 Kc6 58. Be7 g4 59. Bxh4 gxh3
60. Bg3 Kb5 61. b4 Ka6 62. Kf4 Kb5 63. Kxf5 e3 64. Kg4 e2 65. Kxh3 Ka6 66. Kg4
Kb5 67. Kf3 1-0

[Event "Wch Juvenil 2010 sub12 Femenino"]
[Site "Porto Carras GRE"]
[Date "2010.10.21"]
[Round "2.6"]
[White "Vidic, Teja"]
[Black "Hua, Margaret"]
[Result "0-1"]
[WhiteElo "1767"]
[BlackElo "1943"]
[PlyCount "42"]
[EventDate "2010.10.20"]
[EventType "swiss"]
[EventRounds "11"]
[EventCountry "GRE"]
[Source "lmi"]
[SourceDate "2010.10.20"]

1. e4 e5 2. Nf3 Nc6 3. d4 exd4 4. Nxd4 Nf6 5. Nxc6 bxc6 6. e5 Qe7 7. Qe2 Nd5 8.
c4 Ba6 9. b3 Qh4 10. Ba3 Qd4 11. Qb2 Bb4+ 12. Nd2 Bxd2+ 13. Kd1 Bc3+ 14. Kc1
Bxb2+ 15. Bxb2 Nc3 16. Bxc3 Qxc3+ 17. Kb1 Rb8 18. Be2 O-O 19. Rc1 Qxe5 20. Bf3
Rfe8 21. h3 Qd4 0-1

[Event "Wch Juvenil 2010 sub12 Femenino"]
[Site "Porto Carras GRE"]
[Date "2010.10.21"]
[Round "2.8"]
[White "Tohirjonova, Gulruhbegim"]
[Black "Schnegg, Anna-Lena"]
[Result "1/2-1/2"]
[WhiteElo "1762"]
[BlackElo "1921"]
[PlyCount "67"]
[EventDate "2010.10.20"]
[EventType "swiss"]
[EventRounds "11"]
[EventCountry "GRE"]
[Source "lmi"]
[SourceDate "2010.10.20"]

1. e4 c5 2. Nf3 Nc6 3. d4 cxd4 4. Nxd4 g6 5. Nc3 Bg7 6. Be3 Nf6 7. Be2 O-O 8.
O-O b6 9. Nxc6 dxc6 10. Qxd8 Rxd8 11. Rad1 Be6 12. f4 Ng4 13. Bxg4 Bxg4 14.
Rxd8+ Rxd8 15. f5 Bxc3 16. bxc3 Be2 17. Re1 Bd1 18. fxg6 hxg6 19. e5 Bxc2 20.
Bg5 Kf8 21. e6 f6 22. Bxf6 Rd1 23. Rxd1 Bxd1 24. Be5 Bg4 25. Kf2 Bxe6 26. a3
Kf7 27. Ke3 Bf5 28. Kf4 Ke6 29. Bb8 a6 30. g4 Bc2 31. Ba7 b5 32. Bc5 Kf6 33.
Bd4+ Ke6 34. Bc5 1/2-1/2

[Event "Wch Juvenil 2010 sub12 Femenino"]
[Site "Porto Carras GRE"]
[Date "2010.10.21"]
[Round "2.9"]
[White "Valieva, Rufina"]
[Black "Wozniak, Mariola"]
[Result "0-1"]
[WhiteElo "1903"]
[BlackElo "1723"]
[PlyCount "60"]
[EventDate "2010.10.20"]
[EventType "swiss"]
[EventRounds "11"]
[EventCountry "GRE"]
[Source "lmi"]
[SourceDate "2010.10.20"]

1. e4 c5 2. Nf3 d6 3. d4 cxd4 4. Nxd4 Nf6 5. Nc3 a6 6. Rg1 e6 7. g4 Be7 8. g5
Nfd7 9. h4 Nc6 10. Be3 Qc7 11. Qd2 Nde5 12. Be2 Na5 13. O-O-O Nac4 14. Bxc4
Nxc4 15. Qd3 Bd7 16. f4 Rc8 17. Bf2 d5 18. Nde2 Qa5 19. Nb1 Qxa2 20. Bd4 Bb5
21. Qf3 Ba4 22. Bc3 Na3 23. Nxa3 Bxa3 24. Kd2 Bxb2 25. Qd3 O-O 26. Rb1 dxe4 27.
Qxe4 Rfd8+ 28. Ke3 Bxc3 29. Nxc3 Rxc3+ 30. Ke2 Rxc2+ 0-1

[Event "Wch Juvenil 2010 sub12 Femenino"]
[Site "Porto Carras GRE"]
[Date "2010.10.21"]
[Round "2.10"]
[White "Sunyasakta, Satpathy"]
[Black "Srokovskiy, Andrea"]
[Result "1-0"]
[WhiteElo "1899"]
[BlackElo "1720"]
[PlyCount "93"]
[EventDate "2010.10.20"]
[EventType "swiss"]
[EventRounds "11"]
[EventCountry "GRE"]
[Source "lmi"]
[SourceDate "2010.10.20"]

1. e4 c5 2. d4 cxd4 3. c3 dxc3 4. Nxc3 Nc6 5. Nf3 d6 6. Bc4 a6 7. O-O Nf6 8.
Qe2 Bg4 9. Rd1 e6 10. Bf4 Nh5 11. Be3 Ne5 12. Bb3 Bxf3 13. gxf3 Qf6 14. Ba4+
Ke7 15. Kg2 Nf4+ 16. Bxf4 Qxf4 17. Rac1 h5 18. Nb1 b5 19. Bb3 Rh6 20. Nd2 Rg6+
21. Kh1 h4 22. h3 Kd7 23. Rg1 Be7 24. Rxg6 fxg6 25. Qe3 Bg5 26. Rc3 Qxe3 27.
fxe3 b4 28. Ba4+ Ke7 29. Rc7+ Kd8 30. Rxg7 Kc8 31. f4 Bf6 32. Rg8+ Kb7 33. Rxa8
Kxa8 34. fxe5 Bxe5 35. Nc4 Bg3 36. Bd7 Kb7 37. Bxe6 Kc6 38. Kg2 Kc7 39. Kf3 Kd8
40. Kg4 Kc7 41. Kg5 Kd8 42. Kxg6 Kc7 43. Bd5 Bh2 44. Kf5 Bg3 45. Nd2 Be5 46. b3
Bg3 47. Nf3 1-0

[Event "Wch Juvenil 2010 sub12 Femenino"]
[Site "Porto Carras GRE"]
[Date "2010.10.21"]
[Round "2.11"]
[White "Ljikar, Tamara"]
[Black "Li, Zhuoling"]
[Result "0-1"]
[WhiteElo "1738"]
[BlackElo "1863"]
[PlyCount "130"]
[EventDate "2010.10.20"]
[EventType "swiss"]
[EventRounds "11"]
[EventCountry "GRE"]
[Source "lmi"]
[SourceDate "2010.10.20"]

1. e4 c5 2. Nc3 Nc6 3. g3 g6 4. Bg2 Bg7 5. Nge2 Nd4 6. d3 e6 7. O-O Ne7 8. Be3
d6 9. f4 O-O 10. Qd2 Nec6 11. Nd1 Rb8 12. c3 Nxe2+ 13. Qxe2 b6 14. e5 d5 15. d4
cxd4 16. cxd4 a5 17. Nc3 Nb4 18. a3 Ba6 19. Qd2 Bxf1 20. Bxf1 Nc6 21. Nb5 Ne7
22. g4 Qd7 23. a4 Nc6 24. Nd6 Na7 25. Ba6 Rfd8 26. Qg2 Bf8 27. Nb5 Nxb5 28.
Bxb5 Qe7 29. f5 Rbc8 30. Rf1 Qb4 31. fxg6 fxg6 32. Qf2 Qe7 33. h4 Qg7 34. Bg5
Be7 35. Bf6 Bxf6 36. exf6 Qf7 37. g5 Rc7 38. Qd2 Qf8 39. Qf4 Qf7 40. Bd3 Rcc8
41. Qe5 Kf8 42. Re1 Qc7 43. Qxc7 Rxc7 44. Rxe6 Rc1+ 45. Kf2 Rd1 46. Ke2 Rh1 47.
Rxb6 Rh2+ 48. Kd1 Rxh4 49. Rb7 Kg8 50. b3 Rxd4 51. Kd2 Rg4 52. Ra7 Rg2+ 53. Be2
Rxg5 54. Rxa5 Rf5 55. Ra6 Rf8 56. Bg4 R5xf6 57. Be6+ Kh8 58. Rc6 Rf2+ 59. Kc3
R8f3+ 60. Kb4 d4 61. Bd5 Rf4 62. Rc8+ Kg7 63. Rc7+ Kh6 64. Bg8 d3+ 65. Kc3 Rc2+
0-1